HISTORIA. NOVEMBRE DICEMBRE 1980. RIVISTA ILLUSTRATA DI STORIA. (Record n. 327807)
[ formato base ]
| 000 -LEADER | |
|---|---|
| fixed length control field | 01878nas a2200277Ia 4500 |
| 001 - CONTROL NUMBER | |
| control field | R900-R9214 |
| 003 - CONTROL NUMBER IDENTIFIER | |
| control field | IT-CnALBA |
| 008 - FIXED-LENGTH DATA ELEMENTS--GENERAL INFORMATION | |
| fixed length control field | 170116c99999999xx |||||||||||| ||und|| |
| 040 ## - CATALOGING SOURCE | |
| Original cataloging agency | IT-CnALBA |
| Transcribing agency | IT-CnALBA |
| 041 ## - LANGUAGE CODE | |
| Language code of text/sound track or separate title | ITALIANO |
| 999 ## - SYSTEM CONTROL NUMBERS (KOHA) | |
| Koha Dewey Subclass [OBSOLETE] | NO |
| 100 ## - MAIN ENTRY--PERSONAL NAME | |
| Personal name | BUSSONI MARIO |
| 210 ## - ABBREVIATED TITLE | |
| Abbreviated title | HISTORIA |
| 222 ## - KEY TITLE | |
| Key title | HISTORIA |
| 245 #0 - TITLE STATEMENT | |
| Title | HISTORIA. NOVEMBRE DICEMBRE 1980. RIVISTA ILLUSTRATA DI STORIA. |
| 250 ## - EDITION STATEMENT | |
| Edition statement | 1a ed. |
| 260 ## - PUBLICATION, DISTRIBUTION, ETC. (IMPRINT) | |
| Place of publication, distribution, etc. | MILANO |
| Name of publisher, distributor, etc. | DEL DUCA CINO EDITORE |
| Date of publication, distribution, etc. | 1980 [1° Ed.:1980 - Ed.Ling.Originale: 1980] |
| 300 ## - PHYSICAL DESCRIPTION | |
| Extent | 128 p. |
| 310 ## - CURRENT PUBLICATION FREQUENCY | |
| Current publication frequency | MENSILE |
| 362 ## - DATES OF PUBLICATION AND/OR SEQUENTIAL DESIGNATION | |
| Dates of publication and/or sequential designation | Fascicolo: 273-274 / Anno: 24 (1980) |
| 500 ## - GENERAL NOTE | |
| General note | SCHERZI TRA IL DUCE MUSSOLINI E HITLER. LIBRI NOVITÀ. DOMENDE E RISPOSTE. GUERRA DI MUSSOLINI CONTRO LA GRECIA. LUCANO POETA CONDANNATO A MORTE. INDICI ANNATA. PENDOLA A PRESSIONE DI PAPIN, MOTRICE DI WATT. IL DIAVOLO PRINCIPE DELLE TENEBRE E RE DEI TRASFORMISTI, ZINGARELLI T. ARALDICA, ANTICHE FAMIGLIE ITALIANE. ARTE E STUFE, SECOKLI XVII E XVIII, EVANGELISTA A. ALLA SCOPERTA DELL'ITALIA. BANDIERE NEL MONDO, SANTA CATERINA DA SIENA, FRATELLI D'EUROPA NEL NOME DEL SIGNORE, RONCHI R. TEOCRAZIA SUL MONTE ATHOS. STOCCHI S. |
| 501 ## - WITH NOTE | |
| With note | Società San Paolo EM - Piazza San Paolo, 14 - 12051 ALBA (CN) (non commercial uses only) ® Copyright 2017 |
| 520 ## - SUMMARY, ETC. | |
| Summary, etc. | SCHERZI TRA IL DUCE MUSSOLINI E HITLER. LIBRI NOVITÀ. DOMENDE E RISPOSTE. GUERRA DI MUSSOLINI CONTRO LA GRECIA. LUCANO POETA CONDANNATO A MORTE. INDICI ANNATA. PENDOLA A PRESSIONE DI PAPIN, MOTRICE DI WATT. IL DIAVOLO PRINCIPE DELLE TENEBRE E RE DEI TRASFORMISTI, ZINGARELLI T. ARALDICA, ANTICHE FAMIGLIE ITALIANE. ARTE E STUFE, SECOKLI XVII E XVIII, EVANGELISTA A. ALLA SCOPERTA DELL'ITALIA. BANDIERE NEL MONDO, SANTA CATERINA DA SIENA, FRATELLI D'EUROPA NEL NOME DEL SIGNORE, RONCHI R. TEOCRAZIA SUL MONTE ATHOS. STOCCHI S. |
| 650 ## - SUBJECT ADDED ENTRY--TOPICAL TERM | |
| Topical term or geographic name as entry element | STORIA UNIVERSALE |
| 942 ## - ADDED ENTRY ELEMENTS (KOHA) | |
| Koha item type | RIVISTA |
| 957 ## - | |
| -- | 1 |
| 999 ## - SYSTEM CONTROL NUMBERS (KOHA) | |
| -- | 1 |
| Withdrawn status | Lost status | Damaged status | Not for loan | Home library | Current library | Date acquired | Total Checkouts | Full call number | Date last seen | Price effective from | Koha item type | Public note |
|---|---|---|---|---|---|---|---|---|---|---|---|---|
| Buone Condizioni | Not For Loan | ALBA - Biblioteca | ALBA - Biblioteca | 16/01/2017 | R900-R9214 | 16/01/2017 | 16/01/2017 | RIVISTA | (data import: 16 gennaio 2017) - By Epidotti, Vaglietti. |